| 000 | 00554nam a22001697a 4500 | ||
|---|---|---|---|
| 005 | 20230610014934.0 | ||
| 008 | 230117b |||||||| |||| 00| 0 eng d | ||
| 020 | _a978-621-427-069-9 | ||
| 082 | _aFil. 658.8 Se487 2019 | ||
| 100 |
_aSerano, Angelita C. _eauthor |
||
| 245 |
_aEssentials of marketing / _cProf. Angelita Ong Camilar-Serano |
||
| 260 |
_aManila: _bUnlimited Books Library Services and Publishing, _cc2019. |
||
| 300 |
_ax, 210p.; _bill. |
||
| 504 | _aIncludes bibliographies | ||
| 541 | _e6841 c.1, 6842 c.2, 6843 c.3 | ||
| 650 | _aMarketing | ||
| 999 |
_c541 _d541 |
||